| 000 | 00681nam a2200193Ia 4500 | ||
|---|---|---|---|
| 005 | 20251020182615.0 | ||
| 008 | 200515s9999 xx 000 0 und d | ||
| 082 | _aSC/693.1:63/V44 | ||
| 110 | _aInce | ||
| 245 | 0 | _aAlbañilerías rurales | |
| 260 | _aCaracas | ||
| 260 | _cs.a. | ||
| 300 | _a92 | ||
| 520 | _aDestinado a la formación del albañil rural con la idea de contribuir a la erradicación del rancho en los sectores campesinos. Los trabajadores así formadas aprenden, mediante este método, el uso adecuado de los materiales y herramientas, el conocimiento e | ||
| 650 | _aALBAÑILERIA | ||
| 650 | _aCONSTRUCCIONES RURALES | ||
| 650 | _aPUB INCE | ||
| 942 | _cLIB | ||
| 999 |
_c3486 _d3486 |
||